000 00304nam a2200121 a 4500
008 101026s1990|||| d
100 1 _aMartin, Eduard
245 1 0 _aPřízraky doktora Frankenstaina
041 _aces
260 _bČeskoslovenský spisovateľ
_aPraha
_c1990
020 _c25
044 _aCZ
999 _c12316
_d12316